O dia que Felipe sumiu (Record no. 25049)

MARC details
000 -LÍDER
campo de controle de tamanho fixo 00356 a2200157 4500
001 - NÚMERO DE CONTROLE
campo de controle 25049
020 ## - ISBN - INTERNATIONAL STANDARD BOOK NUMBER
ISBN - International Standard Book Number 9788578481292
040 ## - FONTE DA CATALOGAÇÃO
Instituição que transcreveu o registro Anchieta - São Paulo/Itaigara
100 ## - ENTRADA PRINCIPAL--NOME PESSOAL
Nome pessoal Leite, Milu
240 10 - TÍTULO UNIFORME
Título uniforme O dia que Felipe sumiu
Idioma da obra por
245 10 - TÍTULO
Título O dia que Felipe sumiu
300 ## - DESCRIÇÃO FÍSICA
Extensão 84
362 0# - DATAS DE PUBLICAÇÃO E/OU DESIGNAÇÃO SEQUENCIAL
Datas de publicação e/ou designação sequencial 2015
650 #4 - ASSUNTO--TERMO TÓPICO
Cabeçalho tópico ou nome geográfico Literatura infantil
942 ## - ELEMENTOS DE ENTRADA ADICIONADOS (KOHA)
Tipo de material Koha Livros
Holdings
Situação do descarte Situação das perdas Situação física Não pode ser emprestado Biblioteca de origem Biblioteca atual Data de aquisição Total de empréstimos Número de chamada completo Código de barras Data de último acesso Data do preço efetivo Tipo de material Koha
        Colégio Anchieta - Pituba Colégio Anchieta - Pituba 21/11/2023   LJ 028.5 L533d LEI DIA 15285/PIT 21/11/2023 21/11/2023 Livros
        Colégio São Paulo Colégio São Paulo 22/11/2023   LI 028.5 L533d 6585/CSP 22/11/2023 22/11/2023 Livros